| 000 | 00000nam##2200000za#4500 |
| 001 | 9.572715 |
| 003 | CaOODSP |
| 005 | 20210624183342 |
| 007 | cr ||||||||||| |
| 008 | 150406|2006||||xxc|||||o f|0| 0 eng|d |
| 022 | |a1701-1280 |
| 040 | |aCaOODSP|beng |
| 043 | |an-cn--- |
| 086 | 1 |aFs70-4/2006-022E-PDF |
| 110 | 1 |aCanada. |bDepartment of Fisheries and Oceans. |
| 245 | 10|aProceedings of the Newfoundland and Labrador Region Salmonid Stock Assessment Meeting : |h[electronic resource]|bNovember 8, 2005, 80 East White Hills Road, Northwest Atlantic Fisheries Centre, St. John's, NL / |c[by] R. Poole. |
| 246 | 3 |aCompte rendu de la réunion d’évaluation des stocks de salmonidés de la Région de Terre-Neuve et du Labrador |
| 260 | |aOttawa - Ontario : |bFisheries and Oceans Canada |cNovember 2006. |
| 300 | |a41p.|bmaps, tables |
| 490 | 1 |aCanadian Science Advisory Secretariat proceedings series|x1701-1280|v2006/022 |
| 546 | |aChiefly English, with bilingual summary. |
| 590 | |a11-32-Supp|b2011-12-20 |
| 720 | 1 |aPoole, R. |
| 830 | #0|aProceedings series (Canadian Science Advisory Secretariat)|x1701-1280|v2006/022|w(CaOODSP)9.506483 |
| 856 | 40|ahttp://publications.gc.ca|qPDF|s275 KB|uhttps://publications.gc.ca/collections/collection_2011/mpo-dfo/Fs70-4-2006-022-eng.pdf|y2006/022 |